banner-ar

FOUNDATIONS OF PHYSICAL GEOGRAPHY: INCLUDE STUDENT STUDY MAP\ART NOTBOOK / (Record no. 10876)

MARC details
000 -الفاتح
حقل البيانات ثابتة الطول 00521nam a2200181Ia 4500
008 - عناصر البيانات ثابتة الطول - معلومات عامة
حقل البيانات ثابتة الطول 140319s9999 xx 000 0 eng d
040 ## - مصدر الفهرسة
وكالة الفهرسة الأصلية GCL /
وكالة النسخ GCL
082 04 - رقم تصنيف ديوى العشرى
رقم التصنيف 910.02
رقم المادة B F
100 1# - المدخل الرئيسى - إسم شخصى
الإسم الشخصى BRADSHAW, MICHAEL
245 10 - بيان العنوان
العنوان FOUNDATIONS OF PHYSICAL GEOGRAPHY: INCLUDE STUDENT STUDY MAP\ART NOTBOOK /
بيان المسئوليه,etc BRADSHAW, MICHAEL
700 1# - المدخل الاضافى - اسم شخصى
الإسم الشخصى WEAVER, RUTH
260 ## - PUBLICATION, DISTRIBUTION, ETC. (IMPRINT)
تاريخ النشر أو التوزيع 1995
650 04 - المدخل الاضافى بالموضوع-مصطلح موضوعى
مصطلح موضوعي EARTH
650 04 - المدخل الاضافى بالموضوع-مصطلح موضوعى
مصطلح موضوعي PHYSICAL GEOGRAPHY
650 04 - المدخل الاضافى بالموضوع-مصطلح موضوعى
مصطلح موضوعي GEOGRAPHY
942 ## - عناصر المدخل الإضافي( كوها)
مصدر التصنيف او مخطط الترفيف Dewey Decimal Classification
Koha [default] item type كتاب
260 ## - PUBLICATION, DISTRIBUTION, ETC. (IMPRINT)
-- [S.N] :
-- WM. C. BROWN PUBLISHERS ،
Holdings
حالة التراجع حالة الفقد حالة تلف ليس للاعارة المكان المؤقت الموقع الحالى تاريخ الاكتساب اجمالي اﻻعارات رقم الطلب الباركود تاريخ اخر مشاهدة تاريخ تفعيل السعر نوع وعاء كوها
        مكتبة القاهرة الكبرى مكتبة القاهرة الكبرى 03/26/2014   910.02\B F 21799 03/26/2014 03/26/2014 كتاب

Powered By

EGPV